Ricostruisci la Carriera del Calciatore - Martin Ødegaard - Statistics

Statistiche generali
  • Questo quiz è stato fatto 6 volte
  • Il punteggio medio è 6 su 10
Statistiche sulle risposte
Hint Risposta % Corretto
2021- Arsenal
80%
2015-2017 Real Madrid
80%
2015-2017 Real M. Castilla
60%
2019-2020 Real Sociedad
60%
2014-2015 Strømsgodset
60%
2013-2014 Strømsgodset 2
60%
2013 Strømsgodset 3
60%
2017-2018 Heerenveen
40%
2020-2021 Real Madrid
40%
2018-2019 Vitesse
40%
Nessun quiz corrispondente trovato
Distribuzione punteggi
Percentuale di utenti per punteggio
Percentile per numero di risposta
I tuoi punteggi nel tempo
Non hai fatto questo quiz